000 00895cam a22002891 4500
001 6707841
003 ARRUPE
005 20151029091520.0
008 720901s1969 sz ab b 001 0 ger
010 _a 78522125
015 _aSw70-A-2595
035 _a(OCoLC)397437
040 _aDLC
_cOCU
_dOCoLC
_dDLC
041 1 _ager
_hund
050 0 0 _aN7410
_b.B931
100 1 _aBühler, Alfred,
_d1900-1981.
_920705
245 1 0 _aArt of Oceania.
_ba descriptive catalogue
_cby Alfred Bühler.
260 _aZürich,
_bAtlantis-Verlag,
_c(1969).
300 _a297 p.
_billus., maps.
_c23 cm.
500 _aAt head of title: Museum Rietberg Zürich.
504 _aBibliography: p. [255]-262.
650 0 _aOceania
_2Art
_vCatalogs
_920706
710 2 _aMuseum Rietberg.
_920707
740 0 _aArt of Oceania.
906 _a7
_bcbc
_coclcrpl
_du
_encip
_f19
_gy-gencatlg
942 _2lcc
_cMONOGRAPH
999 _c123670
_d123670